|
|
|
|
| LEADER |
00000cam a2200000 c 4500 |
| 001 |
1816711772 |
| 003 |
DE-627 |
| 005 |
20260305082225.0 |
| 007 |
cr c|||||m|aap |
| 008 |
220915s1609 xx |||||o 00| ||ger c |
| 024 |
7 |
|
|a urn:nbn:de:urmel-ufb-191926
|2 urn
|
| 024 |
7 |
|
|a VD17 39:102560K
|2 vd17
|
| 026 |
|
|
|e n,e- b:he t.n- teli C 1609A
|2 fei
|
| 035 |
|
|
|a (DE-627)1816711772
|
| 035 |
|
|
|a (DE-599)KXP1816711772
|
| 035 |
|
|
|a (OCoLC)1344425887
|
| 040 |
|
|
|a DE-627
|b ger
|c DE-627
|e rakwb
|
| 041 |
|
|
|a ger
|
| 084 |
|
|
|a 1
|2 ssgn
|
| 100 |
1 |
|
|0 (DE-588)115353976
|0 (DE-627)077190491
|0 (DE-576)177055065
|4 aut
|a Sebaldi, Laurentius
|d 1561-1645
|
| 109 |
|
|
|a Sebaldi, Laurentius 1561-1645
|a Sebald, Lorenz 1561-1645
|a Sebaldi, Lorenz 1561-1645
|a Sebaldus, Laurentius 1561-1645
|a Sewaldt, Lorentz 1561-1645
|a Sewald, Lorenz 1561-1645
|
| 245 |
1 |
0 |
|a Summum Bonum Das ist Erklärung des güldenen Centner Sprüchleins: Also hat Gott die Welt geliebet etc. Darinnen vom höchsten Gut gehandelt wird/ was es sey/ unnd womit mans erlangen könn:
|b Gehalten Bey der Christlichen Leichbegängnis/ der .... Frawen Annae Werneyrin, Des .... Herrn Adami Martini ... Pfarrers zu Newen Gadersleben ... Hertzgeliebter Hausehr/ Welche den 16. Augusti dieses jetztschwebenden 1609. Jahrs ... entschlaffen/ und den 20. Huius ... zu ihrer Ruhestet ist begleitet worden
|c Durch M. Laurentium Sebaldum Ratisb: ...
|
| 246 |
3 |
0 |
|a goldenen Centner-Sprüchleins Zentner-Sprüchleins könne Leichen-Begängnis Frauen Neugattersleben Hausehre Ruhestätte
|
| 256 |
|
|
|a TIFF, Vers.6.0, 300 dpi, 24 bit (farbig); Digitalisierungsvorlage: Primärausgabe
|
| 264 |
|
1 |
|a Wittemberg
|b Helwig
|b Seuberlich
|c 1609
|
| 300 |
|
|
|a [16] Bl.
|c 4°
|
| 336 |
|
|
|a Text
|b txt
|2 rdacontent
|
| 337 |
|
|
|a Computermedien
|b c
|2 rdamedia
|
| 338 |
|
|
|a Online-Ressource
|b cr
|2 rdacarrier
|
| 506 |
0 |
|
|q DE-39
|a Open Access
|e Controlled Vocabulary for Access Rights
|u http://purl.org/coar/access_right/c_abf2
|
| 533 |
|
|
|a Online-Ausgabe
|b Gotha
|c Forschungsbibliothek Gotha
|d 2022
|e 1 Online-Ressource
|f VD17 digital
|7 |2022||||||||||
|
| 535 |
1 |
|
|a FB Gotha
|3 LP D 8° IV, 00003 (01)
|
| 540 |
|
|
|q DE-39
|a Public Domain Mark 1.0
|f PDM 1.0
|2 cc
|u https://creativecommons.org/publicdomain/mark/1.0/
|
| 583 |
1 |
|
|a Archivierung/Langzeitarchivierung gewährleistet
|k DE-27
|x XA-DE-TH
|2 pdager
|5 DE-39
|
| 601 |
|
|
|a Summum bonum
|
| 601 |
|
|
|a Martini
|
| 655 |
|
7 |
|a Leichenpredigt
|0 (DE-627)09663216X
|2 local
|
| 700 |
1 |
|
|0 (DE-588)115356517
|0 (DE-627)077192877
|0 (DE-576)289832128
|4 oth
|a Martini, Anna
|d 1546-1609
|
| 700 |
1 |
|
|0 (DE-588)120411229
|0 (DE-627)080658504
|0 (DE-576)29220499X
|4 oth
|a Martini, Adam
|d 1540-1622
|
| 700 |
1 |
|
|0 (DE-588)102563268
|0 (DE-627)076832562
|0 (DE-576)288821157
|4 prt
|a Helwig, Paul
|d 1557-1631
|
| 700 |
1 |
|
|0 (DE-588)119843528
|0 (DE-627)539272132
|0 (DE-576)291959954
|4 prt
|a Säuberlich, Lorenz
|d -1613
|
| 751 |
|
|
|a Wittenberg
|4 pup
|
| 776 |
0 |
8 |
|i Elektronische Reproduktion von
|a Sebaldi, Laurentius, 1561 - 1645
|t Summum Bonum Das ist Erklärung des güldenen Centner Sprüchleins: Also hat Gott die Welt geliebet etc. Darinnen vom höchsten Gut gehandelt wird/ was es sey/ unnd womit mans erlangen könn:
|d Wittemberg : Helwig, 1609
|h [16] Bl.
|w (DE-627)091861292
|w (DE-576)9091861290
|n FB Gotha -- LP D 8° IV, 00003 (01)
|k Non-Electronic
|
| 856 |
4 |
0 |
|u https://nbn-resolving.org/urn:nbn:de:urmel-ufb-191926
|x Digitalisierung
|z kostenfrei
|7 0
|
| 935 |
|
|
|a FBGO
|a mteo
|
| 951 |
|
|
|a BO
|
| ELC |
|
|
|a 1
|
| LOK |
|
|
|0 000 xxxxxcx a22 zn 4500
|
| LOK |
|
|
|0 001 4552395823
|
| LOK |
|
|
|0 003 DE-627
|
| LOK |
|
|
|0 004 1816711772
|
| LOK |
|
|
|0 005 20260305081936
|
| LOK |
|
|
|0 008 240717||||||||||||||||ger|||||||
|
| LOK |
|
|
|0 040
|a DE-Tue135
|c DE-627
|d DE-Tue135
|
| LOK |
|
|
|0 092
|o n
|
| LOK |
|
|
|0 852
|a DE-Tue135
|
| LOK |
|
|
|0 852 1
|9 00
|
| LOK |
|
|
|0 866
|x SPQUE#Forschungsbibliothek Gotha#SPSAM#Leichenpredigten
|
| LOK |
|
|
|0 866
|x SPQUE#VD (Historische deutsche Nationalbibliographie)#SPSAM#VD17
|
| LOK |
|
|
|0 935
|a FBGO
|a golp
|a ixvd
|a ixv7
|
| LOK |
|
|
|0 939
|a 17-07-24
|b l01
|
| OAS |
|
|
|a 1
|
| ORI |
|
|
|a TA-MARC-ixtheoa001.raw
|